El retrato de Dorian Gray /
Hay en esta obra dos aspectos que considerar: el moral y el artístico. El primero ha sido el más discutido. La moral de Dorian Grey, por lo imprecisa, se ha prestado a muchas interpretaciones y confusiones que, aún no han cesado. Sin embargo, la teoría de Wilde es la del arte por el arte, por lo cua...
Guardado en:
| Autor Principal: | |
|---|---|
| Formato: | Libro |
| Idioma: | Undetermined |
| Publicado: |
Montevideo :
La república,
2000.
|
| Materias: | |
| Etiquetas: |
Agregar Etiqueta
Sin Etiquetas, Sea el primero en etiquetar este registro!
|
| LEADER | 00899nam a22001815a 4500 | ||
|---|---|---|---|
| 001 | CEM.cems021259 | ||
| 008 | 240627s2000####xx############000#0#und#d | ||
| 005 | 20240703083235.0 | ||
| 245 | 1 | 0 | |a El retrato de Dorian Gray / |c Wilde, Oscar. |
| 260 | |a Montevideo : |b La república, |c 2000. | ||
| 300 | |a 285 p. ; |c 20 cm. | ||
| 520 | |a Hay en esta obra dos aspectos que considerar: el moral y el artístico. El primero ha sido el más discutido. La moral de Dorian Grey, por lo imprecisa, se ha prestado a muchas interpretaciones y confusiones que, aún no han cesado. Sin embargo, la teoría de Wilde es la del arte por el arte, por lo cual ha sido aplaudida y respetada por generaciones de lectores de la literatura universal. | ||
| 020 | |a 9507378944 | ||
| 100 | 1 | |a Wilde, Oscar. | |
| 082 | 0 | 4 | |a 823 |
| 653 | |a Literatura inglesa | ||
| 653 | |a Novelas | ||
| 859 | |a CEMS |b BIB. CEMS - Agricultura |h 823 |i W644-3 |p A3692.24 |t Ej.1 | ||
